[Event "Zuerich op-B 30th"]
[Site "Zuerich"]
[Date "2006.12.26"]
[Round "6"]
[White "Juchli, Kurt"]
[Black "Post, Nikolai"]
[Result "1-0"]
[WhiteElo "1629"]
[BlackElo "1953"]
[PlyCount "33"]
[EventDate "2006.12.26"]
[EventType "swiss"]
[EventRounds "7"]
[EventCountry "SUI"]
[SourceTitle "CBM 116 Extra"]
[Source "ChessBase"]
[SourceDate "2007.03.07"]
[SourceVersion "1"]
[SourceVersionDate "2007.03.07"]
[SourceQuality "1"]

1. c4 e5 2. g3 g6 3. Bg2 Bg7 4. Nc3 Nc6 5. d3 d6 6. Nf3 f5 7. Bg5 Qd7 8. h4 h6 9. Bd2 Nf6 10. e3 0-0 11. Nh2 Ne7 12. Bh3 d5 13. cxd5 Nexd5 14. Qb3 Kh7 15. h5 g5 16. e4 Nb6 17. Bxf5+ 1-0